| 000 | 00461nam a22001817a 4500 | ||
|---|---|---|---|
| 003 | CEME | ||
| 005 | 20210628210735.0 | ||
| 008 | 210212b xxu||||| |||| 00| 0 eng d | ||
| 020 | _a1-56396-243-8 | ||
| 040 | _c. | ||
| 082 | _a530.0904 PEI | ||
| 100 |
_aPeierls, Rudolf.E _980789 |
||
| 245 | _aAtomic histories | ||
| 260 |
_aNEW YORK _bAMERICAN INSTITUTE OF PHYSICS _c1997 |
||
| 300 | _a390P | ||
| 650 |
_aPHYSICS NUCLEAR PHYSICS _980790 |
||
| 942 |
_cBK _2ddc |
||
| 999 |
_c585666 _d585666 |
||